000 00436nam a2200169 i 4500
001 bg
100 1 _aGrigo~7rev, I. S.
245 0 _aDifuzija nejtronov v geterogennych sredach /
_cI. S. Grigor'ev, V. M. Novikov.
260 _aMoskva :
_bAtomizdat,
_c1966.
300 _as. 174.
700 1 _aNovikov, V. M.
040 _cBPK
041 _apol
080 _a621.039.51
942 _cKS
008 s pl f |000 0 pol
999 _c12822
_d12822